| 000 | 004900000a22001930004500 | ||
|---|---|---|---|
| 005 | 20120302053515.0 | ||
| 942 | _cBOOK | ||
| 100 | _a Glasstone,Samuel | ||
| 245 | _a Sourcebook on the space sciences | ||
| 260 | _aNew Jersey:D-Van Nostrand Company Inc,1965 | ||
| 300 | _axviii,937p | ||
| 040 | _aENG | ||
| 365 | _bRs. | ||
| 650 | _aSciences | ||
| 650 | _aSourcebook-Space Science | ||
| 650 | _aGuidance | ||
| 650 | _aMeteorology-Communication-Navigation | ||
| 650 | _aSolar System | ||
| 999 |
_c343057 _d343054 |
||